000 00508nam a22001697a 4500
005 20251108172412.0
008 250721s2003 xx 000 0 ara d
082 1 4 _a320.5/محم
100 1 _aالمحمود، إبراهيم مصطفى
_eمؤلف
245 1 0 _aالصهيونية و الأديان و مستقبل الأمم /
264 1 _aدمشق :
_bدار العلم،
_c2003.
300 _a453ص
650 1 7 _aالصهيونية
650 1 7 _aالأديان
942 _2ddc
_cBK
999 _c78393
_d78393